00672nam a2200229 b 450000500170000000800410001702000150005804100080007308200180008110000320009924500990013126000270023030000180025744000390027565000210031465000170033565000160035265000160036894200130038499900150039795200300041220231012143900.0070223s2006 sp | ||| ||spa  a84234247311 aspa a658.049 G536e1 aGittell, Jody Hoffer91153613aEl estilo Southwest Airlines: cómo gestionar las relaciones para obtener un gran rendimiento aEspañabDeustoc2006 a310 páginas 0aGrandes Casos Empresariales911537 aESTUDIO DE CASOS aAEROLÍNEAS aPROVEEDORES aRENDIMIENTO cLIT2ddc c8285d8285 o658.049 G536ep21334yLIT